[Event "Southwest op U2000 65th"]
[Site "Houston"]
[Date "1999.09.06"]
[Round "6"]
[White "Kolts, John H"]
[Black "Trask, James E"]
[Result "1-0"]
[WhiteElo "1864"]
[BlackElo "1751"]
[PlyCount "149"]
[EventDate "1999.09.04"]
[EventType "swiss"]
[EventRounds "6"]
[EventCountry "USA"]
[SourceTitle "EXT 2001"]
[Source "ChessBase"]
[SourceDate "2000.11.22"]
[SourceVersion "1"]
[SourceVersionDate "2000.11.22"]
[SourceQuality "1"]

1. e4 e5 2. Nf3 Nc6 3. Bb5 Nd4 4. Nxd4 exd4 5. Bc4 Nf6 6. e5 d5 7. exd6 Bxd6 8. Qe2+ Qe7 9. Qxe7+ Kxe7 10. 0-0 Re8 11. Re1+ Kf8 12. Rxe8+ Kxe8 13. d3 Bd7 14. Bg5 Ng4 15. h3 Ne5 16. Bb3 Ng6 17. a4 Bf4 18. Bxf4 Nxf4 19. Nd2 Bc6 20. Re1+ Kf8 21. f3 Re8 22. Rxe8+ Kxe8 23. Kf2 Ke7 24. Nc4 b6 25. Ne5 Be8 26. Nc4 a5 27. h4 f6 28. g3 Ng6 29. f4 Nf8 30. Nd2 Bc6 31. Nf3 Bxf3 32. Kxf3 h6 33. Ke4 c5 34. Kd5 Kd7 35. Bc4 g5 36. Bb5+ Kc7 37. fxg5 fxg5 38. hxg5 hxg5 39. Ke5 g4 40. Kf5 Kd6 41. Kxg4 Ke5 42. Bc4 Nh7 43. Kh5 Kf6 44. Bd5 Ng5 45. Kg4 Nh7 46. Kf4 Ng5 47. Bg8 Nh3+ 48. Ke4 Nf2+ 49. Kd5 Nd1 50. b3 Ne3+ 51. Kc6 Nxc2 52. Kxb6 Kf5 53. Kxa5 Kg4 54. Kb5 Kxg3 55. a5 Nb4 56. Kxc5 Nxd3+ 57. Kxd4 Nb4 58. Kc5 Na6+ 59. Kb6 Nb4 60. a6 Nxa6 61. Kxa6 Kf4 62. Kb6 Ke5 63. Kc6 Kf6 64. b4 Kg7 65. Bb3 Kf6 66. b5 Ke5 67. b6 Kd4 68. b7 Kc3 69. b8Q Kd4 70. Qf4+ Kd3 71. Kc5 Ke2 72. Kd4 Ke1 73. Qe3+ Kf1 74. Qd2 Kg1 75. Qe2 1-0

[Event "Southwest op U2000 65th"]
[Site "Houston"]
[Date "1999.09.04"]
[Round "2"]
[White "Trask, James E"]
[Black "Agaian, Sarkis"]
[Result "1/2-1/2"]
[WhiteElo "1751"]
[BlackElo "1494"]
[PlyCount "82"]
[EventDate "1999.09.04"]
[EventType "swiss"]
[EventRounds "6"]
[EventCountry "USA"]
[SourceTitle "EXT 2001"]
[Source "ChessBase"]
[SourceDate "2000.11.22"]
[SourceVersion "1"]
[SourceVersionDate "2000.11.22"]
[SourceQuality "1"]

1. e4 d5 2. exd5 Nf6 3. c4 e6 4. d4 exd5 5. Nc3 Bb4 6. a3 Bxc3+ 7. bxc3 0-0 8. Be3 Re8 9. Nf3 Ng4 10. Qd2 Qe7 11. cxd5 Nxe3 12. fxe3 Qxe3+ 13. Qxe3 Rxe3+ 14. Kd2 Re8 15. Bc4 Nd7 16. Rae1 Nf6 17. Rxe8+ Nxe8 18. Re1 Bg4 19. Ne5 Nd6 20. Bd3 Bf5 21. Nc4 Nxc4+ 22. Bxc4 Kf8 23. g3 Bh3 24. Rb1 b6 25. Bb5 Rd8 26. Bc6 Bd7 27. Bxd7 Rxd7 28. c4 c6 29. Kd3 cxd5 30. c5 Rb7 31. a4 Ke7 32. a5 Kd7 33. cxb6 axb6 34. a6 Rb8 35. a7 Ra8 36. Rxb6 Rxa7 37. Ke3 Rc7 38. Kf4 Rc6 39. Rb7+ Ke6 40. h4 h6 41. g4 g6 1/2-1/2